Countries with the Fewest Letters Bordering Each Other - Statistics

General Stats
  • This quiz has been taken 61 times
  • The average score is 23 of 25
Answer Stats
Length Country % Correct
4 Chad
100%
5 Sudan
100%
4 Togo
100%
5 Benin
98%
5 China
98%
5 Egypt
98%
5 Ghana
98%
5 India
98%
4 Laos
98%
4 Mali
98%
5 Chile
96%
5 Libya
96%
5 Nepal
96%
5 Niger
96%
4 Peru
96%
4 Iran
94%
4 Iraq
94%
6 Brazil
90%
5 Syria
90%
6 Jordan
88%
6 Kuwait
85%
6 Turkey
83%
6 Guinea
77%
4 Oman
77%
5 Yemen
77%
No matching quizzes found
Score Distribution
Percent of People with Each Score
Percentile by Number Answered
Your Score History
You have not taken this quiz